Catálogo público

Garantias sanitarias y libre circulación de alimentos de fabricación industrial en la C.E./Rosa Ma. Blanca Herrera y otros (Record no. 209335)

MARC details
000 -CABECERA
campo de control de longitud fija 00781nam a2200241Ia 4500
001 - NÚMERO DE CONTROL
campo de control dia_3582
003 - IDENTIFICADOR DEL NÚMERO DE CONTROL
campo de control CHAP
005 - FECHA Y HORA DE LA ÚLTIMA TRANSACCIÓN
campo de control 20251021153518.0
008 - DATOS DE LONGITUD FIJA--INFORMACIÓN GENERAL
campo de control de longitud fija 220601s9999 xx 000 0 und d
020 ## - NÚMERO INTERNACIONAL ESTÁNDAR DEL LIBRO
Número Internacional Estándar del Libro 84-338-1681-0
040 ## - FUENTE DE LA CATALOGACIÓN
Centro/agencia transcriptor CHAP
082 ## - NÚMERO DE LA CLASIFICACIÓN DECIMAL DEWEY
Número de clasificación 338.19 H4
100 ## - ENTRADA PRINCIPAL--NOMBRE DE PERSONA
Nombre de persona Herrera, Rosa Ma. Blanca
9 (RLIN) 175838
245 ## - MENCIÓN DE TÍTULO
Título Garantias sanitarias y libre circulación de alimentos de fabricación industrial en la C.E./Rosa Ma. Blanca Herrera y otros
260 ## - PUBLICACIÓN, DISTRIBUCIÓN, ETC.
Lugar de publicación, distribución, etc. España, Universidad de Granada
300 ## - DESCRIPCIÓN FÍSICA
Extensión 253 p.
440 ## - MENCIÓN DE SERIE/PUNTO DE ACCESO ADICIONAL--TÍTULO
Título Monografías, 142
9 (RLIN) 175839
650 ## - PUNTO DE ACCESO ADICIONAL DE MATERIA--TÉRMINO DE MATERIA
Término de materia o nombre geográfico como elemento de entrada 1. Seguridad alimentaria2. Alimentos-abastecimientoÌ
9 (RLIN) 175840
901 ## - ELEMENTOS DE DATOS A LOCAL LDA (RLIN)
a 338.19 H4
902 ## - ELEMENTOS DE DATOS B LOCAL, LDB (RLIN)
a M
905 ## - ELEMENTOS DE DATOS E LOCAL, LDE (RLIN)
a 0000002002 sp 0000000000spa00
942 ## - ELEMENTOS DE PUNTO DE ACCESO ADICIONAL (KOHA)
Tipo de ítem Koha Libro
Fuente del sistema de clasificación o colocación Dewey Decimal Classification
Holdings
Estado de retiro Estado de pérdida Fuente del sistema de clasificación o colocación Estado dañado No para préstamo Código de colección Localización permanente Ubicación/localización actual Ubicación en estantería Fecha de adquisición Total de préstamos Código de barras Fecha visto por última vez Número de copia Precio válido a partir de Tipo de ítem Koha
    Dewey Decimal Classification     General Ingenieria Agroindustrial Ingenieria Agroindustrial   01/06/2022   dia_6086 01/06/2022 1 01/06/2022 Libro